000 00682nam a22001937a 4500
999 _c166860
_d166860
005 20211116155431.0
010 _aUR-10369
020 _c60.00
_a-
035 _aU-8924
037 _bDBAD/PUB
_a-
082 _a270
100 _aصد ر ا لد ين ا صلا حی
245 _aقر آ ن مجيد کا تعر ف
_cصد ر ا لد ين ا صلا حی
246 _bQuran Majeed ka Taruf (Urdu)
_aby Sadaruddin Islahi
260 _aNew Delhi
_bMarkazi Maktaba Islami Publishers
_c2013 ء
270 _aD-307,Dawat Nagar,Abul Fazal Enclave,Jamia Nagar,
_bNew Delhi
_e110025
_k26971652
_l-
300 _a144 ص
_c22 Cm(Hb)
942 _2ddc
_cUR
_h270
_mص د ر